000 00902nam a2200265 i 4500
001 000046194
003 DO-SdBNP
005 20250806130237.0
007 ta
008 130307s2015 dr 000 0 spa d
020 _a9789945585087
040 _aDO-SdBNP
_bspa
_cBNPHU
_erda
041 _asp
082 _axxx
_bG373d
_222
100 1 _aGermán M., Mariano,
_d1946-
_eautor
_q(Germán Mejía)
_99311
245 1 0 _aDiscurso pronunciado por el Dr. Mariano Germán Mejía :
_ben ocación de la conmemoración del día del Poder Judicial audiencia solemne 7 de enero de 2015 /
_cMariano Germán Mejía.
264 _aSanto Domingo :
_bSuprema Corte de Justicia,
_c2015.
300 _a70 páginas ;
_c22 cm.
336 _ardacontent
_btexto
_2txt
337 _ardamedia
_bsin mediación
_2n
338 _ardacarrier
_bvolumen
_2nc
590 _aInventariado, 2019/VM
910 _aVM
942 _2ddc
_cLBS1
999 _c45683
_d45683